Normal view
MARC view
- Novel
Entry Topical Term
001 - CONTROL NUMBER
- control field: 2377
003 - CONTROL NUMBER IDENTIFIER
- control field: JO-AjAnu
005 - DATE AND TIME OF LATEST TRANSACTION
- control field: 20230606070707.0
008 - FIXED-LENGTH DATA ELEMENTS
- fixed length control field: 230606|| aca||aabn | a|a d
040 ## - CATALOGING SOURCE
- Original cataloging agency: JO-AjAnu
- Transcribing agency: JO-AjAnu
150 ## - HEADING--TOPICAL TERM
- Topical term or geographic name entry element: Novel
670 ## - SOURCE DATA FOUND
- Source citation: Work cat.: (JO-AjAnu)1246: SMITH, ALEXANDER MCCALL , Illustrations by IAIN MCINTOSH, author 2376, LOVE OVER SCOTLAND A44 Scotland Street Novel